000
00292nam a2200133Ia 4500
008
231129s1973||||xx |||||||||||||| ||spa||
040
_b
spa
082
_a
Pe863 S423r
100
_a
Scorza Manuel
245
0
_a
Redoble por rancas
260
_c
1973
264
_a
Planeta
942
_2
ddc
_c
BKS
999
_c
23816
_d
23816